| 000 | 00688cam a22002293a 4500 | ||
|---|---|---|---|
| 001 | 40827 | ||
| 003 | PGUSA | ||
| 005 | 20140828083919.0 | ||
| 008 | 120922s2012||||xxu|||||s|||||000 | eng d | ||
| 040 |
_aPGUSA _beng |
||
| 042 | _adc | ||
| 100 | 1 |
_aBenavente, Jacinto, _d1866-1954 |
|
| 245 | 1 | 0 |
_aLa voz de la conseja, t.I _h[electronic resource] / _cJacinto Benavente |
| 260 |
_bProject Gutenberg, _c2012 |
||
| 506 | _aPublic domain in the USA. | ||
| 516 | _aElectronic text | ||
| 700 | 1 |
_aPardo Bazán, Emilia, condesa de, _d1852-1921 |
|
| 700 | 1 |
_aCarrere, Emilio, _d1881-1947 |
|
| 830 | 0 |
_aProject Gutenberg _v40827 |
|
| 856 | 4 | 0 | _uhttp://www.gutenberg.org/ebooks/40827 |
| 942 | _cEB | ||
| 999 |
_c270079 _d270079 |
||